000 00596nam a2200229Ia 4500
003 OSt
005 20221005120934.0
006 a|||||r|||| 00| 0
007 ta
008 221004b |||||||| |||| 00| 0 eng d
024 _a59184
037 _cTextual
040 _aCRL
_cCRL
_beng
041 _2eng
_aeng
082 _aU8:491:L8, D9
100 _aTate G P
245 0 _aFrontiers of Baluchistan
_b Travels on the borders of Persia and Afghanistan.
260 _c1909
650 _aGEOGRAPHY
942 _hU8:491:L8, D9
_cTEXL
_2cc
999 _c1039610
_d1039610